000 00347nam a2200133Ia 4500
008 240624s9999 xx 000 0 und d
041 _aeng
082 _a793.73 TOW
100 _aTOWNSEND CHARLES BARRY
245 _aWORLD S MOST BAFFLING PUZZLES
260 _c2004
_aDelhi
_bOrient Paperbacks
300 _a127 : p : . : cm. ; 18
365 _cRS
_b20
999 _c5407
_d5407